000 01383nam a22003977a 4500
003 CHAP
005 20220329135407.0
008 971013s1967 r 00010 d
010 _a35636
011 _a36608
035 _a40727
040 _cCHAP
082 _a574.1072
_bO7
110 _aOrganismo Internacional de Energía Atómica
_983512
245 _aNuclear activation techniques in the life sciences ; proceedings of the symposium...
260 _aVienna :
_bOIEA,
_c1967
300 _a709 p.
_b: ilus.
490 _aProceedings series
590 _aBATCH-UPD
_b10
_c20130110
_lUCH01
_h0209
590 _aBATCH-UPD
_b10
_c20130110
_lUCH01
_h1650
590 _aBATCH-UPD
_b10
_c20130409
_lUCH01
_h2223
590 _aBATCH-UPD
_b10
_c20130410
_lUCH01
_h1039
590 _aBATCH-UPD
_b10
_c20130914
_lUCH01
_h1936
590 _aCONVERSION
_b10
_c20130109
_lUCH01
_h1320
650 1 4 _aRadiación
_xEfecto en alimentos.
_993665
650 1 4 _aRadiación
_xEfecto en animales.
_993666
650 1 4 _aRadiación
_xEfecto en plantas.
_993674
650 1 4 _aRadiación
_xEfectos fisiológicos.
_993677
650 1 4 _aRadiobiología.
_993697
650 1 4 _aTrazadores (Biología)
_9114724
650 1 4 _aTrazadores radioactivos.
_9114726
830 0 _aProceedings series
_991731
901 _aBK
942 _cLIBRO
949 _a574.1072 O7
_bBC
_cLIBRO
_d33724000458683
_eLIBRO
_h12403
_i40727
_si
999 _c35636
_d35636